Statistics for Most Populous Settlements in Hampshire, England

Click here to take the quiz!

General Stats

  • This quiz has been taken 108 times
  • The average score is 23 of 42

Answer Stats

NoSettlement% Correct
2Portsmouth
100%
1Southampton
100%
10Winchester
95%
3Basingstoke
90%
13Fareham
90%
4Eastleigh
83%
6Farnborough
80%
11Havant
80%
8Aldershot
78%
21Alton
78%
5Gosport
75%
27Petersfield
75%
7Andover
73%
26Lymington
73%
22Romsey
73%
14Fleet
68%
15Totton
63%
16Hedge End
58%
31Hook
53%
29Ringwood
53%
20Emsworth
50%
35Liphook
50%
18Hythe
48%
38Liss
48%
23Bordon
45%
19New Milton
45%
36Netley
40%
37Bishop's Waltham
38%
33Bursledon
38%
17Stubbington
38%
28Yateley
35%
40Denmead
33%
39Marchwood
33%
24Tadley
33%
12Whiteley
33%
9Horndean
30%
32Blackwater
28%
12Locks Heath
28%
34North Baddesley
28%
30Blackfield
20%
25South Hayling
20%
12Warsash
20%

Score Distribution

Percentile by Number Answered

Percent of People with Each Score

Your Score History

You have not taken this quiz